| 000 | 00571nam a2200241Ia 4500 | ||
|---|---|---|---|
| 003 | IT-RoPAU | ||
| 005 | 20220918175837.0 | ||
| 008 | 120407s9999 xx 000 0 und d | ||
| 040 | _aIT-RoPAU | ||
| 040 | _cIT-RoPAU | ||
| 041 | _aita | ||
| 100 |
_aJurgen Moltmann _935931 |
||
| 245 | _aEsperienze di pensiero teologico. Vie e forme della teologia cristiana | ||
| 250 | _aBrescia | ||
| 260 | _aQueriniana | ||
| 260 | _c2001 | ||
| 300 | _a331 p. | ||
| 300 | _c23 cm | ||
| 490 | _aBibl. di teol. cont. | ||
| 490 | _v1115 | ||
| 942 |
_cBK _2ddc |
||
| 999 |
_c32777 _d32777 |
||